UEFA Champions League players 2007/08 - Statistics

General Stats
  • This quiz has been taken 4 times
  • The average score is 304 of 705
Answer Stats
Rank Player Positions Nationality Matches Goals (assists) Clubs % Correct
165 Abdou Razack Traoré MF 6 0 (0)
100%
166 Abdul Kader Keïta MF, FW 6 0 (0)
100%
167 Abel Ferreira DF 6 1 (0)
100%
634 Adrien Silva MF 1 0 (0)
100%
117 Alberto Gilardino FW 7 2 (0)
100%
120 Álvaro Arbeloa DF 7 0 (0)
100%
45 Anderson MF 9 0 (0)
100%
67 Andrea Pirlo MF 8 2 (4)
100%
10 Andrés Iniesta MF 11 1 (1)
100%
463 Antônio da Silva MF 3 1 (0)
100%
553 Armand Traoré DF, MF 2 0 (0)
100%
25 Ashley Cole DF 10 0 (0)
100%
123 Bacary Sagna DF 7 0 (1)
100%
46 Bojan Krkić MF, FW 9 1 (1)
100%
292 Boudewijn Zenden DF, FW 5 0 (0)
100%
70 Bruno Alves DF 8 0 (0)
100%
640 Cafú DF 1 0 (1)
100%
26 Carles Puyol DF 10 1 (0)
100%
3 Carlos Tevez MF, FW 12 4 (1)
100%
72 Cesc Fàbregas MF, FW 8 4 (2)
100%
124 Christian Poulsen MF 7 0 (1)
100%
559 Christian Vander GK 2 0 (0)
100%
127 Clarence Seedorf MF 7 2 (1)
100%
1 Claude Makélélé MF 13 0 (0)
100%
11 Cristiano Ronaldo MF, FW 11 8 (2)
100%
73 Dani Alves DF, MF 8 2 (2)
100%
562 Daniel Carvalho MF 2 0 (1)
100%
190 Darijo Srna DF, MF 6 0 (0)
100%
191 Darren Fletcher MF 6 0 (0)
100%
193 David Silva MF, FW 6 0 (0)
100%
306 David Villa MF, FW 5 2 (0)
100%
196 Deco MF 6 0 (1)
100%
197 Dejan Stanković MF 6 0 (0)
100%
12 Didier Drogba FW 11 6 (1)
100%
13 Dirk Kuyt DF, FW 11 5 (1)
100%
199 Djibril Cissé FW 6 1 (1)
100%
201 Édouard Cissé MF 6 0 (0)
100%
314 Eduardo da Silva FW 5 2 (0)
100%
30 Edwin van der Sar GK 10 0 (0)
100%
76 Emmanuel Adebayor FW 8 3 (1)
100%
51 Emmanuel Eboué DF, MF 9 0 (0)
100%
77 Esteban Cambiasso MF 8 2 (0)
100%
53 Fábio Aurélio DF, MF 9 0 (2)
100%
129 Fabio Grosso DF, MF 7 0 (1)
100%
32 Fernando Torres FW 10 6 (0)
100%
320 Filippo Inzaghi FW 5 4 (1)
100%
14 Florent Malouda MF, FW 11 1 (2)
100%
15 Frank Lampard MF 11 4 (2)
100%
412 Gabriel Heinze DF 4 0 (0)
100%
79 Gaël Clichy DF 8 0 (1)
100%
81 Gennaro Gattuso MF 8 0 (0)
100%
208 Gilberto Silva DF, MF 6 0 (0)
100%
325 Goran Pandev MF, FW 5 4 (1)
100%
486 Harry Kewell MF, FW 3 0 (3)
100%
327 Hernán Crespo FW 5 1 (0)
100%
209 Heurelho Gomes GK 6 0 (0)
100%
85 Iker Casillas GK 8 0 (0)
100%
4 Jamie Carragher DF, MF 12 0 (0)
100%
16 Javier Mascherano DF, MF 11 0 (1)
100%
333 Jermaine Pennant MF 5 0 (2)
100%
89 Jesús Navas DF, FW 8 0 (1)
100%
419 FW 4 2 (0)
100%
2 Joe Cole MF 13 1 (1)
100%
90 John Arne Riise DF, MF 8 0 (0)
100%
219 John O'Shea DF, MF 6 0 (0)
100%
664 José Ángel Crespo DF 1 0 (0)
100%
137 José Bosingwa DF 7 0 (0)
100%
92 Júlio César GK 8 0 (0)
100%
337 Júlio César DF 5 1 (0)
100%
94 Kaká MF, FW 8 2 (2)
100%
139 Kakha Kaladze DF, MF 7 0 (0)
100%
140 Karim Benzema FW 7 4 (0)
100%
96 Kim Källström MF 8 1 (0)
100%
141 Kolo Touré DF 7 0 (1)
100%
498 Lassana Diarra MF 3 0 (0)
100%
227 Lilian Thuram DF 6 0 (0)
100%
55 Lionel Messi MF, FW 9 6 (2)
100%
97 Lisandro López MF, FW 8 3 (1)
100%
230 Lucas Leiva MF 6 0 (0)
100%
231 Mahamadou Diarra MF 6 0 (0)
100%
673 Manuel da Costa DF 1 0 (0)
100%
37 Manuel Neuer GK 10 0 (0)
100%
234 Marcelo DF, MF 6 0 (0)
100%
505 Marco Materazzi DF 3 0 (0)
100%
349 Marek Čech DF 5 0 (0)
100%
506 Marek Jankulovski DF, MF 3 0 (0)
100%
426 Mario Gómez FW 4 3 (0)
100%
148 Mathieu Flamini MF 7 0 (0)
100%
58 Mehmet Aurélio MF 9 0 (2)
100%
5 Michael Carrick MF 12 0 (0)
100%
6 Michael Essien DF, MF 12 0 (2)
100%
593 Míchel Salgado DF 2 0 (0)
100%
511 Miguel Torres DF 3 0 (0)
100%
513 Milan Baroš FW 3 0 (0)
100%
685 Mohamed Sissoko MF 1 0 (0)
100%
17 Nani MF, FW 11 0 (3)
100%
59 Nemanja Vidić DF 9 0 (0)
100%
251 Nicklas Bendtner FW 6 2 (1)
100%
358 Nuno Gomes FW 5 1 (0)
100%
103 Owen Hargreaves MF 8 0 (1)
100%
39 Patrice Evra DF 10 0 (1)
100%
361 Paulo Ferreira DF 5 0 (1)
100%
153 Paul Scholes MF 7 1 (1)
100%
520 Pepe DF, MF 3 0 (0)
100%
7 Pepe Reina GK 12 0 (0)
100%
257 Peter Crouch FW 6 3 (1)
100%
60 Petr Čech GK 9 0 (0)
100%
107 Rafael Márquez DF, MF 8 0 (0)
100%
109 Raúl FW 8 5 (2)
100%
41 Ricardo Carvalho DF 10 0 (1)
100%
18 Rio Ferdinand DF 11 1 (0)
100%
367 Roar Strand MF 5 0 (0)
100%
111 Ronaldinho MF, FW 8 1 (1)
100%
267 Rui Costa MF 6 0 (0)
100%
156 Ruud van Nistelrooy FW 7 4 (3)
100%
19 Ryan Babel MF, FW 11 5 (0)
100%
62 Ryan Giggs MF, FW 9 0 (2)
100%
20 Salomon Kalou MF, FW 11 1 (0)
100%
21 Sami Hyypiä DF 11 1 (1)
100%
157 Samuel Eto'o FW 7 1 (0)
100%
158 Scott Brown MF 7 0 (1)
100%
159 Sergio Ramos DF 7 0 (1)
100%
160 Seydou Keita MF 7 2 (2)
100%
375 Shaun Wright-Phillips MF, FW 5 0 (0)
100%
376 Sonny Anderson FW 5 0 (1)
100%
8 Steven Gerrard MF 12 6 (5)
100%
116 Theo Walcott MF, FW 8 2 (3)
100%
42 Thierry Henry FW 10 3 (2)
100%
623 Tiago Ferreira GK 2 0 (0)
100%
22 Víctor Valdés GK 11 0 (0)
100%
543 Wayne Bridge DF 3 0 (0)
100%
23 Wayne Rooney MF, FW 11 4 (1)
100%
44 Wes Brown DF 10 0 (3)
100%
163 William Gallas DF 7 0 (0)
100%
9 Xavi MF 12 1 (1)
100%
64 Yaya Touré MF 9 1 (0)
100%
65 Yossi Benayoun MF 9 3 (3)
100%
164 Zlatan Ibrahimović FW 7 5 (0)
100%
545 Aaron Hunt MF, FW 2 1 (0)
50%
168 Adriano DF, MF 6 0 (0)
50%
633 Adriano FW 1 0 (0)
50%
66 Aiden McGeady MF, FW 8 0 (2)
50%
635 Albert Jorquera GK 1 0 (0)
50%
547 Aleksandar Kolarov DF 2 0 (1)
50%
548 Aleksandr Kerzhakov FW 2 0 (0)
50%
170 Aleksei Berezutski DF 6 0 (0)
50%
118 Alessandro Nesta DF 7 0 (0)
50%
24 Alex MF 10 2 (4)
50%
171 Alex DF 6 1 (0)
50%
390 Alexander Farnerud MF 4 0 (0)
50%
119 Alexander Hleb MF 7 1 (4)
50%
172 Alexander Tettey DF, MF 6 0 (1)
50%
549 Alexandre Pato MF, FW 2 0 (0)
50%
550 Alexandre Song DF, MF 2 0 (0)
50%
173 Allan McGregor GK 6 0 (0)
50%
286 Ânderson Polga DF 5 2 (0)
50%
552 Andreas Hinkel DF 2 0 (0)
50%
461 André Ayew MF, FW 3 0 (0)
50%
121 Andrés Palop GK 7 0 (0)
50%
175 Andriy Pyatov GK 6 0 (0)
50%
287 Andriy Shevchenko FW 5 1 (0)
50%
176 Andriy Voronin MF, FW 6 0 (2)
50%
177 Ángel Di María MF, FW 6 0 (1)
50%
122 Anthony Réveillère DF 7 0 (0)
50%
68 Antonios Nikopolidis GK 8 0 (0)
50%
393 Aquivaldo Mosquera DF 4 0 (0)
50%
464 Arouna Koné FW 3 1 (0)
50%
465 Arthur Boka DF 3 0 (0)
50%
69 Artur Boruc GK 8 0 (0)
50%
178 Barry Ferguson MF 6 1 (0)
50%
468 Benedikt Höwedes DF 3 0 (0)
50%
289 Benoît Cheyrou MF 5 0 (0)
50%
179 Bobô FW 6 2 (0)
50%
291 Boubacar Sanogo FW 5 3 (1)
50%
180 Brandão FW 6 2 (0)
50%
294 Cacau FW 5 1 (0)
50%
295 Carlo Cudicini GK 5 0 (0)
50%
641 Carlos Alberto MF 1 0 (0)
50%
296 Carlos Marchena DF, MF 5 0 (0)
50%
556 Carlos Paredes MF 2 0 (0)
50%
182 Carlos Salcido DF, MF 6 0 (0)
50%
397 Christian Manfredini MF 4 1 (0)
50%
558 Christian Pander DF 2 0 (0)
50%
183 Christian Panucci DF 6 1 (1)
50%
470 Christoph Metzelder DF 3 0 (0)
50%
126 Cicinho DF 7 0 (0)
50%
398 Ciprian Marica FW 4 1 (0)
50%
561 Claudio Pizarro FW 2 0 (0)
50%
299 Clemens Fritz DF, MF 5 0 (1)
50%
47 Colin Kazim-Richards MF, FW 9 1 (0)
50%
644 Cris DF 1 0 (0)
50%
471 Cristian Brocchi MF 3 0 (0)
50%
184 Cristian Chivu DF 6 0 (2)
50%
128 Cristian Ledesma MF 7 0 (0)
50%
300 Cristian Ledesma MF 5 0 (0)
50%
301 Cristian Rodríguez MF 5 0 (0)
50%
302 DaMarcus Beasley DF, FW 5 1 (1)
50%
303 Daniel Cousin FW 5 1 (1)
50%
27 Daniele De Rossi DF, MF 10 0 (0)
50%
186 Daniel Jensen MF 6 0 (1)
50%
189 Danko Lazović FW 6 1 (0)
50%
563 Darío Rodríguez DF 2 0 (0)
50%
645 Dario Šimić DF 1 0 (0)
50%
74 Darko Kovačević FW 8 3 (0)
50%
305 David Albelda DF, MF 5 0 (0)
50%
564 David Luiz DF, MF 2 0 (0)
50%
28 David Pizarro MF 10 1 (1)
50%
194 David Suazo FW 6 0 (1)
50%
48 Deivid FW 9 5 (0)
50%
400 Deividas Šemberas DF, MF 4 0 (0)
50%
402 Dida GK 4 0 (0)
50%
565 Didier Domi DF 2 0 (0)
50%
307 Didier Ya Konan MF, FW 5 0 (0)
50%
308 Diego MF 5 1 (1)
50%
198 Diego Capel MF 6 0 (1)
50%
50 Doni GK 9 0 (0)
50%
477 Duda DF, FW 3 0 (1)
50%
312 Dudu Cearense MF 5 0 (0)
50%
313 Duško Tošić DF 5 0 (1)
50%
200 Édison Méndez MF 6 0 (0)
50%
648 Edmílson DF, MF 1 0 (0)
50%
29 Edu Dracena DF 10 0 (1)
50%
75 Eiður Guðjohnsen MF, FW 8 0 (0)
50%
315 Elvir Rahimić MF 5 0 (0)
50%
479 Emerson MF 3 0 (0)
50%
316 Emiliano Moretti DF 5 0 (0)
50%
566 Enzo Maresca MF 2 0 (1)
50%
31 Éric Abidal DF 10 0 (0)
50%
407 Evander Sno MF 4 0 (0)
50%
52 Fabian Ernst MF 9 0 (0)
50%
202 Fabio Cannavaro DF 6 0 (0)
50%
482 Fábio Santos DF, MF 3 1 (0)
50%
318 Federico Higuaín MF, FW 5 0 (0)
50%
319 Fernandinho DF, MF 5 0 (2)
50%
203 Fernando Gago MF 6 0 (0)
50%
204 Fernando Meira DF, MF 6 0 (0)
50%
205 Fernando Morientes FW 6 0 (0)
50%
206 Francesco Totti MF, FW 6 1 (1)
50%
130 François Clerc DF 7 0 (0)
50%
410 Frank Baumann DF, MF 4 0 (0)
50%
484 Fred FW 3 0 (0)
50%
78 Frédéric Kanouté FW 8 5 (2)
50%
54 Gabriel Milito DF 9 0 (0)
50%
207 Gaby Mudingayi MF 6 0 (0)
50%
321 Gaël Givet DF 5 0 (0)
50%
653 Gary Neville DF 1 0 (0)
50%
33 Gerald Asamoah MF, FW 10 1 (0)
50%
485 Gerard Piqué DF 3 2 (0)
50%
131 Gianluca Zambrotta DF 7 0 (0)
50%
322 Giovani dos Santos MF, FW 5 1 (0)
50%
34 Gökçek Vederson DF, MF 10 0 (0)
50%
573 Gökhan Zan DF 2 0 (0)
50%
323 Gonzalo Higuaín MF, FW 5 0 (0)
50%
575 Grégory Coupet GK 2 0 (0)
50%
656 Gustavo Varela MF 1 0 (0)
50%
132 Guti MF, FW 7 0 (2)
50%
133 Halil Altıntop MF, FW 7 0 (0)
50%
35 Heiko Westermann DF, MF 10 0 (0)
50%
134 Helton Arruda GK 7 0 (0)
50%
657 Henrique Hilário GK 1 0 (0)
50%
328 Hugo Almeida FW 5 2 (0)
50%
488 İbrahim Akın MF, FW 3 0 (0)
50%
659 Igli Tare FW 1 0 (0)
50%
489 Igor Akinfeev GK 3 0 (0)
50%
212 Ilsinho DF, FW 6 0 (0)
50%
331 Iván Córdoba DF 5 0 (0)
50%
214 Iván Helguera DF, MF 6 0 (0)
50%
135 Ivan Rakitić MF 7 0 (1)
50%
86 Ivica Dragutinović DF 8 0 (0)
50%
491 Jacques Faty DF 3 0 (0)
50%
215 Jádson MF 6 1 (0)
50%
216 Jan Vennegoor of Hesselink FW 6 1 (0)
50%
492 Javier Arizmendi MF, FW 3 0 (0)
50%
578 Javier Balboa MF, FW 2 1 (0)
50%
579 Javier Saviola FW 2 0 (0)
50%
87 Javier Zanetti DF, MF 8 0 (1)
50%
661 Jean-Alain Boumsong DF 1 0 (0)
50%
418 Jean-Claude Darcheville FW 4 1 (0)
50%
662 Jean-Joël Perrier-Doumbé DF 1 0 (0)
50%
217 Jefferson Farfán MF, FW 6 1 (0)
50%
580 Jens Lehmann GK 2 0 (0)
50%
332 Jérémy Toulalan DF, MF 5 0 (1)
50%
88 Jermaine Jones MF 8 1 (1)
50%
334 Jiří Jarošík DF, MF 5 1 (0)
50%
218 João Moutinho MF 6 1 (0)
50%
335 Joaquín MF, FW 5 0 (0)
50%
420 John Kennedy DF 4 0 (0)
50%
421 John Obi Mikel MF 4 0 (0)
50%
36 John Terry DF 10 0 (0)
50%
582 Jonny Evans DF 2 0 (0)
50%
422 José Luis Martí MF 4 0 (0)
50%
91 Juan DF 8 1 (0)
50%
665 Juan Mata MF, FW 1 0 (0)
50%
138 Juliano Belletti DF, MF 7 0 (0)
50%
423 Julien Escudé DF 4 2 (0)
50%
336 Julien Rodriguez DF 5 1 (0)
50%
493 Júlio Baptista MF, FW 3 1 (0)
50%
220 Julio Ricardo Cruz FW 6 2 (2)
50%
494 Jurica Vranješ MF 3 0 (0)
50%
495 Karim Ziani MF 3 0 (0)
50%
221 Kenneth Pérez MF, FW 6 1 (1)
50%
95 Kevin Kurányi FW 8 3 (1)
50%
667 Khalid Boulahrouz DF 1 0 (0)
50%
222 Kostas Katsouranis DF, MF 6 0 (2)
50%
497 Lamine Diatta DF 3 0 (0)
50%
223 Lars Hirschfeld GK 6 0 (0)
50%
224 Laurent Bonnart DF 6 0 (1)
50%
340 Leandro Romagnoli MF 5 0 (0)
50%
585 Leon Andreasen DF, MF 2 0 (0)
50%
342 Levan Kobiashvili DF, MF 5 0 (0)
50%
226 Liédson MF, FW 6 4 (0)
50%
343 Lionel Scaloni DF, MF 5 0 (0)
50%
670 Loïc Rémy FW 1 0 (0)
50%
500 Lorenzo De Silvestri DF, MF 3 0 (0)
50%
229 Lorik Cana DF, MF 6 0 (0)
50%
344 Louis Saha FW 5 0 (0)
50%
143 Lucho González MF 7 2 (1)
50%
144 Luciano Galletti MF 7 3 (1)
50%
345 Luciano Zauri DF 5 1 (1)
50%
56 Ludovic Giuly MF, FW 9 1 (1)
50%
501 Ludovic Magnin DF 3 0 (1)
50%
347 Luisão DF 5 0 (0)
50%
98 Luís Fabiano FW 8 4 (1)
50%
502 Luís Figo MF, FW 3 0 (2)
50%
346 Luís Filipe DF, MF 5 0 (0)
50%
503 Luis Jiménez MF, FW 3 1 (0)
50%
425 Maicon Sisenando DF 4 0 (0)
50%
348 Maksim Shatskikh FW 5 0 (1)
50%
232 Mamadou Niang FW 6 2 (0)
50%
57 Mancini MF, FW 9 2 (0)
50%
99 Manuel Almunia GK 8 0 (0)
50%
504 Manuel Fernandes MF 3 0 (0)
50%
233 Marat Izmailov MF 6 0 (2)
50%
38 Marcelo Bordon DF 10 0 (0)
50%
235 Marco Ballotta GK 6 0 (0)
50%
589 Marco Caneira DF 2 0 (0)
50%
145 Marco Cassetti DF, MF 7 1 (0)
50%
236 Marek Sapara MF 6 0 (2)
50%
237 Marek Suchý DF 6 0 (0)
50%
238 Mariano González MF 6 0 (0)
50%
350 Mariusz Lewandowski DF, MF 5 0 (0)
50%
239 Markus Rosenberg FW 6 1 (1)
50%
591 Martin Harnik MF, FW 2 0 (0)
50%
351 Martin Škrtel DF 5 0 (0)
50%
146 Massimo Ambrosini MF 7 0 (0)
50%
100 Massimo Donati MF 8 1 (0)
50%
147 Mateja Kežman FW 7 1 (0)
50%
353 Mathieu Bodmer DF, MF 5 0 (1)
50%
243 Mathieu Valbuena MF, FW 6 1 (0)
50%
509 Matthieu Delpierre DF 3 0 (0)
50%
246 Maxi Pereira DF 6 1 (1)
50%
101 Max Tonetto DF, MF 8 0 (3)
50%
428 Mesut Özil MF, FW 4 0 (0)
50%
150 Michael Ballack MF 7 2 (0)
50%
151 Michał Żewłakow DF 7 0 (0)
50%
355 Mickaël Tavares MF 5 0 (1)
50%
247 Miguel Monteiro DF 6 0 (1)
50%
248 Miguel Veloso MF 6 0 (1)
50%
682 Miguel Vítor DF 1 0 (0)
50%
595 Mikaël Silvestre DF 2 0 (0)
50%
102 Mirko Vučinić FW 8 4 (1)
50%
249 Mladen Krstajić DF 6 0 (0)
50%
597 Modeste M'bami MF 2 0 (0)
50%
686 Morgan De Sanctis GK 1 0 (0)
50%
435 Mourad Meghni MF 4 0 (1)
50%
436 Nacho Novo FW 4 0 (0)
50%
598 Nadir Belhadj DF, MF 2 0 (0)
50%
250 Naldo DF 6 0 (0)
50%
252 Nicolae Dică MF, FW 6 0 (1)
50%
600 Nicolás Burdisso DF 2 0 (0)
50%
515 Nikola Žigić FW 3 0 (0)
50%
438 Oleksandr Shovkovskiy GK 4 0 (0)
50%
439 Önder Turacı DF 4 0 (0)
50%
254 Óscar Cardozo FW 6 3 (0)
50%
604 Øyvind Storflor MF, FW 2 0 (0)
50%
441 Paolo Maldini DF 4 0 (0)
50%
605 Pape Diakhaté DF 2 0 (0)
50%
442 Park Ji-sung MF 4 0 (0)
50%
518 Patrick Vieira MF 3 0 (0)
50%
443 Pável Pardo MF 4 1 (0)
50%
362 Per Mertesacker DF 5 0 (0)
50%
363 Peter Løvenkrands MF, FW 5 0 (0)
50%
521 Petre Marin DF 3 0 (0)
50%
258 Petri Pasanen DF 6 0 (0)
50%
61 Philippe Mexès DF 9 0 (0)
50%
106 Philippe Senderos DF 8 0 (0)
50%
608 Pontus Farnerud MF 2 0 (0)
50%
693 Przemysław Kaźmierczak MF 1 0 (1)
50%
259 Quim GK 6 0 (0)
50%
40 Rafinha DF 10 1 (0)
50%
260 Raphael Schäfer GK 6 0 (0)
50%
522 Raúl Bravo DF 3 0 (0)
50%
108 Raul Meireles MF 8 0 (0)
50%
261 Răzvan Raț DF 6 0 (1)
50%
262 Rémy Vercoutre GK 6 0 (0)
50%
365 Renato MF 5 2 (0)
50%
523 Ricardinho MF 3 0 (0)
50%
110 Ricardo Quaresma MF, FW 8 1 (1)
50%
155 Roberto Carlos DF 7 0 (0)
50%
695 Roberto Soldado FW 1 0 (0)
50%
263 Robinho MF, FW 6 4 (4)
50%
264 Róbinson Zapata GK 6 0 (0)
50%
369 Robin van Persie FW 5 2 (2)
50%
265 Rodrigo Taddei DF, FW 6 1 (0)
50%
370 Rodrigo Tello MF 5 1 (1)
50%
611 Ronald Zubar DF 2 0 (0)
50%
444 Royston Drenthe DF, MF 4 0 (0)
50%
612 Rubén Baraja MF 2 0 (0)
50%
613 Rui Patrício GK 2 0 (0)
50%
614 Rüştü Reçber GK 2 0 (0)
50%
525 Salim Arrache MF 3 0 (0)
50%
445 Samir Nasri MF, FW 4 0 (1)
50%
446 Santiago Cañizares GK 4 0 (0)
50%
373 Santiago Solari MF 5 0 (0)
50%
268 Saša Papac DF 6 0 (0)
50%
112 Scott McDonald MF, FW 8 1 (0)
50%
447 Selçuk Şahin MF 4 0 (0)
50%
374 Sergei Ignashevich DF 5 0 (0)
50%
526 Serginho DF, MF 3 0 (0)
50%
527 Serhiy Rebrov MF, FW 3 0 (0)
50%
449 Shunsuke Nakamura MF 4 0 (0)
50%
114 Sidney Govou MF, FW 8 1 (4)
50%
528 Silvio Meißner MF 3 0 (0)
50%
529 Simone Del Nero DF, FW 3 0 (0)
50%
272 Simone Perrotta MF 6 1 (1)
50%
271 Simon Vukčević MF 6 0 (1)
50%
450 Søren Larsen FW 4 0 (0)
50%
530 Stanislav Vlček MF, FW 3 0 (0)
50%
273 Steffen Iversen FW 6 2 (0)
50%
451 Stephen Makinwa FW 4 0 (0)
50%
377 Steve Finnan DF 5 0 (0)
50%
274 Steve Mandanda GK 6 0 (0)
50%
619 Sunny MF 2 0 (0)
50%
452 Sylvinho DF 4 0 (2)
50%
620 Tal Ben Haim DF 2 0 (0)
50%
161 Tarik Sektioui MF, FW 7 1 (1)
50%
275 Taye Taiwo DF 6 1 (0)
50%
622 Thomas Hitzlsperger MF 2 0 (0)
50%
379 Tijani Belaïd MF 5 1 (0)
50%
453 Tim Borowski MF 4 0 (0)
50%
624 Timo Hildebrand GK 2 0 (0)
50%
454 Tim Wiese GK 4 0 (0)
50%
276 Tomáš Hübschman DF, MF 6 0 (0)
50%
535 Tomáš Rosický MF 3 0 (0)
50%
381 Tomasz Kuszczak GK 5 0 (0)
50%
700 Tom De Mul MF, FW 1 0 (0)
50%
277 Tommaso Rocchi MF, FW 6 2 (1)
50%
278 Tonel DF 6 1 (0)
50%
626 Torsten Frings MF 2 0 (0)
50%
536 Vágner Love FW 3 3 (1)
50%
455 Valon Behrami DF, MF 4 0 (0)
50%
384 Vasili Berezutski DF 5 0 (0)
50%
539 Veniamin Mandrykin GK 3 0 (0)
50%
540 Vicente Rodríguez MF, FW 3 0 (0)
50%
541 Vicente Sánchez FW 3 0 (0)
50%
279 Vidar Riseth DF, MF 6 1 (0)
50%
703 Vincent Gragnic MF 1 0 (0)
50%
628 Vladimír Šmicer MF, FW 2 0 (0)
50%
629 Vladimir Stojković GK 2 0 (0)
50%
43 Volkan Demirel GK 10 0 (0)
50%
385 Walter Samuel DF 5 1 (0)
50%
386 Wesley Sneijder MF 5 0 (1)
50%
705 Wilson Oruma MF 1 0 (0)
50%
457 Xabi Alonso MF 4 0 (1)
50%
458 Yannick Djaló MF, FW 4 0 (0)
50%
459 Yıldıray Baştürk MF 4 0 (0)
50%
544 Yoann Gourcuff MF 3 0 (0)
50%
280 Yssouf Koné FW 6 2 (0)
50%
281 Yuri Zhirkov DF, MF 6 0 (1)
50%
387 Zeljko Kalac GK 5 0 (0)
50%
282 Abou Diaby MF 5 2 (0)
0%
389 Adrian Neaga FW 4 0 (0)
0%
546 Ahmed Barusso MF 2 0 (0)
0%
169 Alan Hutton DF 6 0 (2)
0%
283 Alberto Aquilani MF 5 0 (0)
0%
284 Alcides DF 5 0 (0)
0%
391 Ali Bilgin MF 4 0 (0)
0%
285 Ali Tandoğan DF, MF 5 0 (0)
0%
636 Amdy Faye DF, MF 1 0 (0)
0%
174 Anastasios Pantos DF 6 0 (0)
0%
551 Andreas Beck DF, MF 2 0 (2)
0%
462 Andriy Nesmachniy DF 3 0 (0)
0%
392 Anton Grigoryev DF 4 0 (0)
0%
288 Arjen Robben MF, FW 5 0 (0)
0%
637 Artem Kravets FW 1 0 (0)
0%
394 Artem Milevskiy FW 4 0 (0)
0%
466 Ayila Yussuf DF, MF 3 0 (0)
0%
467 Badr El Kaddouri DF 3 0 (0)
0%
554 Baki Mercimek DF 2 0 (0)
0%
395 Bănel Nicoliță MF 4 0 (0)
0%
638 Barry Robson MF 1 1 (0)
0%
290 Bjørn Tore Kvarme DF 5 0 (0)
0%
293 Brahim Hemdani DF, MF 5 0 (0)
0%
469 Bruno Pereirinha DF, MF 3 0 (0)
0%
639 Burak Yılmaz FW 1 0 (0)
0%
555 Caner Erkin DF, MF 2 0 (0)
0%
181 Carlos Cuéllar DF 6 0 (1)
0%
71 Carlos Grossmüller MF 8 0 (3)
0%
642 Celsinho MF 1 0 (0)
0%
297 Charlie Adam MF 5 2 (0)
0%
557 Chidi Odiah DF, MF 2 0 (0)
0%
643 Chris Eagles MF 1 0 (0)
0%
298 Chris Killen FW 5 0 (0)
0%
396 Christer Basma DF 4 0 (0)
0%
125 Christos Patsatzoglou DF, MF 7 1 (0)
0%
560 Claudio Maldonado MF 2 0 (0)
0%
399 Corrêa MF 4 0 (2)
0%
185 Cristiano Lucarelli FW 6 3 (0)
0%
188 Daniele Bonera DF 6 0 (0)
0%
187 Daniel Pudil DF, FW 6 1 (0)
0%
304 Danny Koevermans FW 5 0 (0)
0%
472 Danny Simpson DF 3 0 (0)
0%
646 Darren O'Dea DF 1 0 (0)
0%
192 David Hubáček DF 6 0 (0)
0%
473 David Kalivoda MF 3 1 (0)
0%
195 David Weir DF 6 0 (0)
0%
474 Dawid Janczyk FW 3 0 (0)
0%
475 Denílson MF 3 0 (0)
0%
401 Deniz Barış DF, MF 4 0 (0)
0%
49 Diego Lugano DF 9 1 (0)
0%
309 Diogo Rincón MF 5 1 (0)
0%
403 Dirk Marcellis DF 4 0 (0)
0%
310 Dmytro Chygrynskiy DF 5 0 (0)
0%
647 Dong Fangzhuo FW 1 0 (0)
0%
476 Dorel Zaharia FW 3 1 (0)
0%
311 Dorin Goian DF 5 1 (0)
0%
478 Edcarlos DF 3 0 (0)
0%
404 Eduardo Ratinho DF 4 0 (0)
0%
649 Edu Gaspar MF 1 0 (0)
0%
405 Emílson Cribari DF 4 0 (0)
0%
480 Eric Addo DF, MF 3 0 (0)
0%
650 Eric Bicfalvi MF, FW 1 0 (0)
0%
406 Erich Brabec DF 4 0 (0)
0%
481 Ernesto Farías FW 3 0 (0)
0%
651 Eugen Baciu DF 1 0 (0)
0%
317 Evgeni Aldonin MF 5 0 (0)
0%
408 Ewerthon FW 4 0 (0)
0%
567 Federico Fazio DF 2 0 (0)
0%
568 Fernando Belluschi MF 2 0 (0)
0%
409 Florin Lovin MF 4 0 (1)
0%
569 Francesco Bolzoni MF 2 0 (0)
0%
483 František Dřížďal DF 3 0 (1)
0%
570 Freddy Adu MF, FW 2 0 (0)
0%
411 Fredrik Stoor DF 4 0 (0)
0%
652 Gabriele Puccio DF, MF 1 0 (0)
0%
80 Gary Caldwell DF, MF 8 0 (0)
0%
571 Georgios Samaras MF, FW 2 0 (0)
0%
654 Gianluca Curci GK 1 0 (0)
0%
413 Gilles Binya MF 4 0 (0)
0%
572 Giuseppe Favalli DF 2 0 (0)
0%
655 Gladstone DF 1 0 (0)
0%
82 Gökhan Gönül DF 8 0 (0)
0%
574 Gonzalo Bergessio FW 2 0 (0)
0%
324 Goran Gavrančić DF 5 0 (1)
0%
326 Guglielmo Stendardo DF 5 0 (0)
0%
414 Hakan Arıkan GK 4 0 (0)
0%
83 Hatem Ben Arfa MF, FW 8 2 (0)
0%
415 Hélder Postiga FW 4 0 (0)
0%
487 Ibrahim Afellay MF, FW 3 0 (0)
0%
658 İbrahim Kaş DF 1 0 (0)
0%
210 İbrahim Toraman DF 6 0 (0)
0%
211 İbrahim Üzülmez DF, MF 6 0 (0)
0%
84 Ieroklis Stoltidis MF 8 3 (1)
0%
329 Ifeanyi Emeghara DF 5 0 (0)
0%
576 Igor Duljaj DF, MF 2 0 (0)
0%
213 Ionuț Rada DF 6 0 (0)
0%
330 Ismaël Bangoura FW 5 2 (0)
0%
490 Ismaïl Aissati MF 3 0 (0)
0%
577 Ivan Taranov DF, MF 2 0 (0)
0%
660 Jaime Gavilán MF 1 0 (0)
0%
416 Jan Kromkamp DF 4 0 (1)
0%
417 Jason Culina MF 4 0 (0)
0%
581 João Paulo DF, MF 2 0 (0)
0%
663 Jonathan Reis MF, FW 1 0 (0)
0%
136 Jorge Fucile DF 7 0 (0)
0%
93 Juninho Pernambucano MF 8 3 (0)
0%
666 Justin Hoyte DF 1 0 (0)
0%
338 Kevin Thomson MF 5 0 (0)
0%
668 Kléber FW 1 0 (0)
0%
424 Koray Avcı DF, MF 4 0 (0)
0%
496 Kostas Mendrinos MF 3 0 (0)
0%
583 Kostas Mitroglou FW 2 0 (0)
0%
669 Kris Boyd FW 1 0 (0)
0%
339 Ladislav Volešák MF 5 0 (0)
0%
584 Leandro Lima MF 2 0 (0)
0%
341 Lee McCulloch DF, FW 5 1 (0)
0%
142 Lee Naylor DF 7 0 (1)
0%
225 Léo DF 6 0 (0)
0%
586 Leonardo Pereira de Oliveira MF 2 0 (0)
0%
499 Leonel Núñez MF, FW 3 0 (0)
0%
671 Lolo DF, MF 1 0 (0)
0%
228 Lomana LuaLua MF, FW 6 0 (1)
0%
672 Luis Fernando Páez FW 1 0 (0)
0%
587 Maciej Żurawski FW 2 0 (0)
0%
674 Manuel Fischer FW 1 0 (0)
0%
675 Marc Crosas MF 1 0 (0)
0%
588 Márcio Nobre FW 2 0 (0)
0%
676 Marián Had DF 1 0 (0)
0%
590 Mario Bolatti MF 2 0 (0)
0%
427 Marius Croitoru MF 4 0 (0)
0%
507 Marjan Marković DF, MF 3 0 (0)
0%
508 Mark Wilson DF 3 0 (0)
0%
677 Martin Latka DF 1 0 (0)
0%
352 Martin Vaniak GK 5 0 (0)
0%
240 Massimo Mutarelli MF 6 0 (0)
0%
241 Massimo Oddo DF 6 0 (0)
0%
242 Matej Krajčík DF 6 0 (1)
0%
244 Matías Emilio Delgado MF 6 0 (1)
0%
592 Matteo Brighi MF 2 0 (0)
0%
354 Matteo Ferrari DF 5 0 (0)
0%
245 Mauro Esposito MF, FW 6 0 (0)
0%
149 Maxwell DF 7 0 (1)
0%
678 Mehmet Sedef DF, MF 1 0 (0)
0%
679 Michael MF 1 0 (0)
0%
681 Michalis Konstantinou FW 1 0 (0)
0%
429 Michal Švec MF 4 0 (0)
0%
680 Michal Vorel GK 1 0 (0)
0%
510 Miguel Ángel Angulo MF, FW 3 0 (0)
0%
512 Mihai Neșu DF 3 0 (0)
0%
594 Miika Koppinen DF, MF 2 1 (0)
0%
356 Mikael Dorsin DF 5 0 (1)
0%
430 Mike Zonneveld DF, MF 4 0 (0)
0%
431 Milan Ivana MF, FW 4 0 (0)
0%
432 Milan Purović MF, FW 4 0 (0)
0%
433 Milan Stepanov DF 4 0 (0)
0%
434 Miloš Krasić MF 4 1 (0)
0%
596 Miloš Ninković MF 2 0 (0)
0%
683 Mimoun Azaouagh MF 1 0 (0)
0%
684 Mirnes Šišić MF 1 0 (0)
0%
599 Nélson Marcos DF 2 0 (0)
0%
514 Nelson Rivas DF 3 0 (0)
0%
437 Nery Castillo DF, FW 4 0 (0)
0%
357 Nicolas Anelka FW 5 0 (1)
0%
687 Nuno GK 1 0 (0)
0%
516 Nuno Assis MF 3 0 (0)
0%
601 Oleguer Presas DF 2 0 (0)
0%
602 Oleh Dopilka DF 2 0 (0)
0%
253 Oleh Husyev DF, MF 6 0 (0)
0%
359 Oleksandr Hladkyy FW 5 0 (0)
0%
360 Oleksandr Kucher DF 5 0 (0)
0%
688 Oleksandr Rybka GK 1 0 (0)
0%
517 Olivier Dacourt MF 3 0 (0)
0%
603 Ondřej Šourek DF 2 0 (0)
0%
440 Otman Bakkal MF, FW 4 0 (0)
0%
255 Ovidiu Petre MF 6 1 (0)
0%
152 Paraskevas Antzas DF 7 0 (0)
0%
689 Paul Caddis DF, MF 1 0 (0)
0%
104 Paul Hartley MF 8 0 (1)
0%
105 Paulo Assunção MF 8 0 (0)
0%
690 Pavel Mamayev MF, FW 1 0 (0)
0%
691 Paweł Golański DF 1 0 (0)
0%
519 Pedro Emanuel DF 3 0 (0)
0%
692 Pelé MF 1 0 (0)
0%
256 Per Ciljan Skjelbred MF 6 0 (0)
0%
606 Petit MF 2 0 (0)
0%
607 Petr Janda MF, FW 2 0 (0)
0%
154 Predrag Đorđević MF 7 0 (3)
0%
609 Ramón MF 2 0 (0)
0%
364 Raúl Albiol DF 5 0 (0)
0%
366 Ricardo Osorio DF 5 0 (0)
0%
694 Roberto Baronio MF 1 0 (0)
0%
368 Roberto Hilbert DF, MF 5 0 (0)
0%
696 Rodrigo Archubi MF 1 0 (0)
0%
610 Rogério Gaúcho FW 2 0 (0)
0%
266 Romeo Surdu MF, FW 6 0 (0)
0%
371 Ronny DF, MF 5 0 (1)
0%
524 Ruslan Rotan MF 3 0 (0)
0%
372 Sami Khedira MF 5 0 (1)
0%
697 Sebastián Leto MF, FW 1 0 (0)
0%
615 Sebastiano Siviglia DF 2 0 (0)
0%
113 Sébastien Squillaci DF 8 0 (0)
0%
63 Semih Şentürk FW 9 2 (0)
0%
448 Serdar Kurtuluş DF, MF 4 0 (0)
0%
269 Serdar Özkan MF 6 0 (0)
0%
270 Serdar Tasci DF 6 0 (0)
0%
616 Serhiy Fedorov DF 2 0 (0)
0%
698 Slobodan Rajković DF 1 0 (0)
0%
531 Stefano Mauri MF, FW 3 0 (0)
0%
617 Stephen Appiah MF 2 0 (0)
0%
115 Stephen McManus DF 8 1 (0)
0%
532 Steven Naismith MF, FW 3 0 (0)
0%
618 Steven Pressley DF 2 0 (0)
0%
533 Steven Whittaker DF, MF 3 0 (0)
0%
699 Taras Lutsenko GK 1 0 (0)
0%
621 Taras Mykhalyk DF, MF 2 0 (0)
0%
378 Tiberiu Ghioane MF 5 0 (0)
0%
380 Timmy Simons DF, MF 5 0 (0)
0%
534 Tomáš Jablonský DF, MF 3 0 (0)
0%
625 Tomáš Necid FW 2 0 (0)
0%
701 Tommie van der Leegte MF 1 0 (0)
0%
702 Tümer Metin MF 1 0 (0)
0%
382 Uğur Boral DF, MF 5 2 (1)
0%
383 Valentin Badea FW 5 1 (0)
0%
627 Valentin Bădoi DF, MF 2 0 (0)
0%
537 Valyantsin Byalkevich MF 3 0 (0)
0%
538 Vasilică Cristocea MF 3 0 (0)
0%
162 Vasilis Torosidis DF, MF 7 0 (0)
0%
456 Victoraș Iacob FW 4 0 (1)
0%
704 Vitorino Antunes DF, MF 1 0 (0)
0%
542 Vladyslav Vashchuk DF 3 1 (0)
0%
630 Volodymyr Yezerskiy DF 2 0 (0)
0%
631 Willian MF, FW 2 0 (0)
0%
632 Yasin Çakmak DF 2 0 (0)
0%
460 Zdeněk Šenkeřík FW 4 2 (0)
0%
388 Zlatan Bajramović MF 5 0 (0)
0%
No matching quizzes found
Score Distribution
Percent of People with Each Score
Percentile by Number Answered
Your Score History
You have not taken this quiz